[Event "18th EUR-ch (w)"]
[Site "Riga LAT"]
[Date "2017.04.16"]
[Round "6.68"]
[White "Ozbay, Ece"]
[Black "Ristoja, Aulikki"]
[Result "1-0"]
[WhiteElo "2035"]
[BlackElo "1716"]
[EventDate "2017.04.11"]
[PlyCount "45"]

1.e4 d5 2.exd5 Qxd5 3.Nc3 Qa5 4.d4 Nf6 5.Bc4 Bf5 6.Bd2 c6 7.Nge2 Nbd7 8.
Ng3 Bg6 9.h4 h5 10.Nd5 Qd8 11.Nf4 Bh7 12.Ngxh5 Nxh5 13.Qxh5 g6 14.Qf3 Nf6 
15.O-O-O Qxd4 16.Qb3 O-O-O 17.Be3 Qe5 18.Rxd8+ Kxd8 19.Qxb7 Qc7 20.Qa8+ 
Qc8 21.Qxa7 Ke8 22.Rd1 e6 23.Ba6 1-0

[Event "18th EUR-ch (w)"]
[Site "Riga LAT"]
[Date "2017.04.16"]
[Round "6.69"]
[White "Zvereva, Margarita"]
[Black "Kouvatsou, Maria"]
[Result "0-1"]
[WhiteElo "1771"]
[BlackElo "2016"]
[EventDate "2017.04.11"]
[PlyCount "110"]

1.e4 e5 2.Nf3 Nc6 3.Bb5 a6 4.Ba4 Nf6 5.O-O Be7 6.Re1 b5 7.Bb3 d6 8.c3 O-O 
9.h3 Nb8 10.d3 Nbd7 11.Nbd2 c5 12.Nf1 Bb7 13.Ng3 Rc8 14.a4 c4 15.dxc4 bxc4
16.Bc2 Nc5 17.Bg5 Ne6 18.Be3 a5 19.Qe2 Re8 20.Rad1 Qc7 21.Bc1 Bf8 22.Qd2 
Nf4 23.Nf5 g6 24.Ng3 Rcd8 25.Bb1 Bc6 26.Qc2 Nd3 27.Re2 Nxc1 28.Qxc1 Bxa4 
29.Rde1 h6 30.Bc2 Bd7 31.Qa1 Rb8 32.Ba4 Rb7 33.Bxd7 Nxd7 34.Qa2 Reb8 35.
Ra1 Nc5 36.Qxa5 Qxa5 37.Rxa5 Rxb2 38.Rxb2 Rxb2 39.Ra1 Rc2 40.Ra3 Nb3 41.
Ra4 Rxc3 42.Kf1 Rc1+ 43.Ke2 Rc2+ 44.Kd1 Rxf2 45.Rxc4 Rxg2 46.Ne2 Rf2 47.
Rc3 Rf1+ 48.Kc2 Nc5 49.Nd2 Rf2 50.Kd1 Be7 51.Ke1 Bh4 52.Kd1 Bg5 53.Rc4 Kg7
54.Ke1 Nd3+ 55.Kd1 Nb2+ 0-1

[Event "18th EUR-ch (w)"]
[Site "Riga LAT"]
[Date "2017.04.16"]
[Round "6.70"]
[White "Sibajeva, Marija"]
[Black "Atte, Rebeka"]
[Result "0-1"]
[WhiteElo "2011"]
[BlackElo "1498"]
[EventDate "2017.04.11"]
[PlyCount "84"]

1.e4 c5 2.Nf3 g6 3.d4 cxd4 4.Nxd4 Bg7 5.c4 Nc6 6.Nb3 Nf6 7.Nc3 O-O 8.Be2 
d6 9.O-O Bd7 10.Be3 Rc8 11.f4 Na5 12.e5 Ne8 13.Nxa5 Qxa5 14.exd6 Nxd6 15.
Bd4 Bc6 16.Bxg7 Kxg7 17.Qd4+ Kg8 18.Kh1 Rfd8 19.Qf2 b6 20.Rfd1 e6 21.a3 
Bb7 22.Qh4 Qc5 23.Nb5 Rd7 24.b4 Qe3 25.Nxd6 Qxe2 26.Qg5 Rxc4 27.Qg3 Rc2 
28.Kg1 Qxg2+ 29.Qxg2 Rxg2+ 30.Kf1 Rxh2 31.Nxb7 Rxb7 32.Kg1 Rc2 33.Rac1 
Rxc1 34.Rxc1 Rd7 35.Kf2 Kg7 36.Ke3 h5 37.Ke4 f6 38.Rc2 g5 39.fxg5 fxg5 40.
Ke5 Rf7 41.Kxe6 g4 42.Rh2 Kg6 0-1

[Event "18th EUR-ch (w)"]
[Site "Riga LAT"]
[Date "2017.04.16"]
[Round "6.71"]
[White "Mieze, Natalja"]
[Black "Ivanova, Katrina Telma"]
[Result "0-1"]
[WhiteElo "1223"]
[BlackElo "1340"]
[EventDate "2017.04.11"]
[PlyCount "92"]

1.c4 e5 2.Nc3 Nf6 3.e3 d5 4.Nxd5 Nxd5 5.cxd5 Qxd5 6.Nf3 Nc6 7.a3 e4 8.Ng1 
Be7 9.Nh3 O-O 10.Nf4 Qd6 11.Bc4 Ne5 12.Bd5 Nd3+ 13.Nxd3 Qxd5 14.Nf4 Qb5 
15.a4 Qf5 16.O-O Bd6 17.Rb1 Bxf4 18.exf4 Qxf4 19.d3 Qf5 20.Bd2 exd3 21.Be3
Qg6 22.Bf4 Bh3 23.Bg3 Bg4 24.Qb3 b6 25.Qc3 c5 26.f4 Bf5 27.Rbe1 Rfe8 28.
Re5 h6 29.Rfe1 Rxe5 30.fxe5 Rd8 31.Qd2 a6 32.Bh4 Rd4 33.Be7 Rxa4 34.b3 Rd4
35.Re3 Qe6 36.Bf6 gxf6 37.Rg3+ Rg4 38.Rxg4+ Bxg4 39.Qxh6 Qxe5 40.h3 Bxh3 
41.Qxh3 d2 42.Qc8+ Kg7 43.Qg4+ Qg5 44.Qd7 Qe3+ 45.Kh2 Qe2 46.Qh3 d1=Q 0-1

[Event "18th EUR-ch (w)"]
[Site "Riga LAT"]
[Date "2017.04.16"]
[Round "6.72"]
[White "Norlamo, Sarabella"]
[Black "Ni Mhuireagain, Eibhia"]
[Result "1-0"]
[WhiteElo "1619"]
[BlackElo "1496"]
[EventDate "2017.04.11"]
[PlyCount "67"]

1.d4 d5 2.Nf3 Nf6 3.e3 Bf5 4.c4 c6 5.Nc3 e6 6.Be2 Bd6 7.Nh4 Bg6 8.a3 Ne4 
9.Nxg6 Nxc3 10.bxc3 hxg6 11.g3 Nd7 12.Qb3 Rb8 13.Bd2 Nf6 14.c5 Bc7 15.Qa4 
Ne4 16.Bf3 Ng5 17.Bg2 Qf6 18.Qd1 Nh3 19.f4 g5 20.Qg4 Qh6 21.fxg5 Nxg5 22.
e4 Bd8 23.h4 Ba5 24.Qxg5 Qh7 25.Qe3 g5 26.exd5 cxd5 27.Bxd5 Qf5 28.Be4 Qg4
29.Qf3 f5 30.Qxg4 fxg4 31.hxg5 Rh3 32.O-O-O Bc7 33.Rxh3 gxh3 34.Bf4 1-0

[Event "18th EUR-ch (w)"]
[Site "Riga LAT"]
[Date "2017.04.17"]
[Round "7.1"]
[White "Goriachkina, Alexandra"]
[Black "Dzagnidze, Nana"]
[Result "1/2-1/2"]
[WhiteElo "2452"]
[BlackElo "2528"]
[EventDate "2017.04.11"]
[PlyCount "32"]

1.d4 d5 2.c4 e6 3.Nf3 Nf6 4.g3 Bb4+ 5.Bd2 Bd6 6.Nc3 O-O 7.Bg5 c6 8.Bg2 
Nbd7 9.e4 dxe4 10.Nxe4 Bb4+ 11.Bd2 Bxd2+ 12.Nexd2 e5 13.dxe5 Re8 14.O-O 
Nxe5 15.Nxe5 Rxe5 16.Nf3 Re8 1/2-1/2

[Event "18th EUR-ch (w)"]
[Site "Riga LAT"]
[Date "2017.04.17"]
[Round "7.2"]
[White "Muzychuk, Anna"]
[Black "Pahtz, Elisabeth"]
[Result "1/2-1/2"]
[WhiteElo "2587"]
[BlackElo "2454"]
[EventDate "2017.04.11"]
[PlyCount "45"]

1.e4 c5 2.Nf3 Nc6 3.Nc3 e5 4.Bc4 Be7 5.d3 Nf6 6.Bg5 d6 7.Bxf6 Bxf6 8.Nd5 
O-O 9.c3 Rb8 10.a3 b5 11.Ba2 a5 12.a4 b4 13.Bc4 Be6 14.O-O Bg5 15.Nxg5 
Qxg5 16.Ne3 Qg6 17.Qc2 Ne7 18.f4 exf4 19.Rxf4 Qh6 20.Raf1 Ng6 21.Nf5 Bxf5 
22.Rxf5 Ne5 23.Qf2 1/2-1/2

[Event "18th EUR-ch (w)"]
[Site "Riga LAT"]
[Date "2017.04.17"]
[Round "7.3"]
[White "Khotenashvili, Bela"]
[Black "Muzychuk, Maria"]
[Result "1/2-1/2"]
[WhiteElo "2445"]
[BlackElo "2546"]
[EventDate "2017.04.11"]
[PlyCount "120"]

1.d4 Nf6 2.Nf3 g6 3.Bf4 Bg7 4.e3 O-O 5.h3 d6 6.Be2 Nbd7 7.O-O Re8 8.c4 b6 
9.Nc3 Bb7 10.Qc2 e5 11.Bg5 exd4 12.exd4 h6 13.Be3 Ne4 14.Nxe4 Bxe4 15.Qd2 
d5 16.Bxh6 dxc4 17.Bg5 Bf6 18.h4 b5 19.Rfe1 Nb6 20.Rad1 Bxf3 21.Bxf3 Rxe1+
22.Rxe1 Bxg5 23.hxg5 Rb8 24.Bc6 Qd6 25.Bxb5 c6 26.Ba6 Kg7 27.Qe3 Rd8 28.
Rd1 Rd7 29.b3 cxb3 30.axb3 c5 31.d5 Nxd5 32.Qh3 Qe7 33.Bc4 Qd8 34.Qf3 Nb6 
35.Rxd7 Qxd7 36.Qf6+ Kf8 37.Qh8+ Ke7 38.Qe5+ Kd8 39.Qf6+ Ke8 40.Qh8+ Ke7 
41.Qe5+ Kd8 42.Qxc5 Nxc4 43.bxc4 Qe6 44.Qa5+ Kc8 45.c5 Kb7 46.Qb4+ Kc6 47.
g3 Qd5 48.Qa4+ Kxc5 49.Qxa7+ Kd6 50.Qe3 Qe5 51.Qd2+ Ke6 52.Kh2 Qe4 53.Qc3 
Qe5 54.Qd2 Qe4 55.Qd8 Qf3 56.Kg1 Kf5 57.Qf6+ Kg4 58.Qd8 Kf5 59.Qf6+ Kg4 
60.Qd8 Kf5 1/2-1/2

[Event "18th EUR-ch (w)"]
[Site "Riga LAT"]
[Date "2017.04.17"]
[Round "7.4"]
[White "Lagno, Kateryna"]
[Black "Zhukova, Natalia"]
[Result "1/2-1/2"]
[WhiteElo "2543"]
[BlackElo "2438"]
[EventDate "2017.04.11"]
[PlyCount "159"]

1.e4 e5 2.Nf3 Nc6 3.Bb5 a6 4.Ba4 d6 5.O-O Bd7 6.d4 Nxd4 7.Bxd7+ Qxd7 8.
Nxd4 exd4 9.Qxd4 Ne7 10.Nc3 Nc6 11.Qd3 Be7 12.Nd5 O-O 13.b3 Rae8 14.Bb2 
Bd8 15.f4 Kh8 16.Rae1 f6 17.c4 Ne7 18.f5 Nxd5 19.exd5 Rxe1 20.Rxe1 Re8 21.
Re6 Re7 22.g4 Kg8 23.h4 Qe8 24.Qe3 b6 25.a4 a5 26.Kg2 Kf8 27.Qe4 Qf7 28.
Bc3 h6 29.Bd2 Re8 30.Kf3 Qd7 31.Bc3 Qf7 32.Ke2 Be7 33.Kd3 Bd8 34.Qf4 Qd7 
35.Bd2 Qf7 36.Qe4 Be7 37.Bf4 Rc8 38.Qe1 Ra8 39.Kc2 Rc8 40.Qe2 Ra8 41.Bd2 
Rd8 42.Bc3 Ra8 43.Kd3 Rc8 44.Ke4 Re8 45.Kf3 Rd8 46.Kg3 Ra8 47.Qf3 Re8 48.
Kg2 Bd8 49.Qg3 Re7 50.Qe1 Qe8 51.Qe3 Qf7 52.Rxe7 Bxe7 53.Qe6 Qe8 54.Kf3 
Qd8 55.Ke4 Qe8 56.Kd3 Qd8 57.Bd2 Qe8 58.Kc3 Qd8 59.b4 axb4+ 60.Kb3 Qe8 61.
Bxb4 Qa8 62.Qd7 Qd8 63.Qe6 Qa8 64.Bc3 Qe8 65.a5 bxa5 66.Bxa5 Qa8 67.Bb4 c5
68.dxc6 Qxc6 69.Qd5 Qb6 70.Qa8+ Kf7 71.Ka4 Qd4 72.Qd5+ Qxd5 73.cxd5 Ke8 
74.Kb5 Kd7 75.Kb6 Bd8+ 76.Kb7 Be7 77.Bc3 Bd8 78.h5 Be7 79.Ba5 Bf8 80.Bb6 
1/2-1/2

[Event "18th EUR-ch (w)"]
[Site "Riga LAT"]
[Date "2017.04.17"]
[Round "7.5"]
[White "Danielian, Elina"]
[Black "Girya, Olga"]
[Result "1-0"]
[WhiteElo "2437"]
[BlackElo "2470"]
[EventDate "2017.04.11"]
[PlyCount "199"]

1.Nf3 d5 2.g3 Bg4 3.Bg2 c6 4.b3 Nf6 5.Bb2 Nbd7 6.d3 e6 7.Nbd2 Bd6 8.O-O 
O-O 9.h3 Bh5 10.Qe1 e5 11.e4 Re8 12.Nh4 Nc5 13.Kh1 Bc7 14.a3 Qd7 15.f3 Ne6
16.f4 exf4 17.e5 f3 18.Ndxf3 Bxf3 19.Rxf3 Ng5 20.Rf5 h6 21.Qb4 Nfh7 22.Qg4
Re6 23.Raf1 Rae8 24.d4 Bb6 25.R5f4 Nf8 26.Nf5 Rg6 27.Qe2 Nge6 28.R4f2 Nd8 
29.Qd3 Bc7 30.Bc1 Rge6 31.Qf3 Rg6 32.c3 a5 33.a4 f6 34.exf6 Rxf6 35.Qg4 
Kh7 36.Qh5 Qf7 37.Qh4 Ng6 38.Qh5 Ne7 39.Qxf7 Rxf7 40.Nxe7 Rxf2 41.Rxf2 
Rxe7 42.Kh2 Nf7 43.c4 dxc4 44.bxc4 Nd6 45.d5 c5 46.Bf1 Ne4 47.Rf8 Nxg3 48.
Bd3+ g6 49.Bb2 Nf5+ 50.Kg2 Nd4 51.Bxd4 cxd4 52.c5 Kg7 53.Rc8 Be5 54.d6 Rf7
55.Re8 Bf6 56.Rb8 Bh4 57.Bc4 Rf2+ 58.Kg1 Rc2 59.Rxb7+ Kf6 60.d7 Ke7 61.Bb5
Rxc5 62.Rb8 Rc1+ 63.Kg2 Rc2+ 64.Kf3 Ke6 65.Re8+ Kf7 66.d8=Q Rc3+ 67.Kg4 
Bxd8 68.Rxd8 h5+ 69.Kg5 Rxh3 70.Rd7+ Ke6 71.Rxd4 Rg3+ 72.Kh4 Rg1 73.Rd8 
Rg4+ 74.Kh3 Rb4 75.Ra8 g5 76.Rxa5 Rb3+ 77.Kg2 Rb2+ 78.Kf3 g4+ 79.Kf4 Rf2+ 
80.Ke3 Rf3+ 81.Ke4 h4 82.Be2 Rg3 83.Kf4 Kd6 84.Bxg4 Ra3 85.Ra6+ Kc5 86.Bd7
Rd3 87.Bb5 Rd4+ 88.Kg5 h3 89.Rh6 Rd5+ 90.Kg4 Kb4 91.Rxh3 Rd8 92.Kf4 Ka5 
93.Ke4 Rd6 94.Rd3 Rh6 95.Kd5 Rh5+ 96.Kc4 Rh4+ 97.Rd4 Rh1 98.Rd5 Rh4+ 99.
Kb3 Kb6 100.Bc4 1-0

[Event "18th EUR-ch (w)"]
[Site "Riga LAT"]
[Date "2017.04.17"]
[Round "7.6"]
[White "Socko, Monika"]
[Black "Kashlinskaya, Alina"]
[Result "1/2-1/2"]
[WhiteElo "2462"]
[BlackElo "2426"]
[EventDate "2017.04.11"]
[PlyCount "91"]

1.d4 Nf6 2.c4 e6 3.Nf3 d5 4.Nc3 Bb4 5.cxd5 exd5 6.Qa4+ Nc6 7.Bg5 h6 8.Bxf6
Qxf6 9.e3 O-O 10.Be2 Qg6 11.O-O Bh3 12.Ne1 Rfd8 13.Rc1 a6 14.Qd1 Bf5 15.
Nd3 Bxd3 16.Bxd3 Qe6 17.Na4 Qe7 18.a3 Bd6 19.Qg4 Qg5 20.Qxg5 hxg5 21.Nc5 
Rab8 22.Nxa6 bxa6 23.Rxc6 Rxb2 24.a4 a5 25.Ra6 Rd2 26.Bb5 c5 27.dxc5 Bxc5 
28.Rxa5 d4 29.Bc4 Rc8 30.Bb3 dxe3 31.fxe3 Bxe3+ 32.Kh1 Rf2 33.Rd1 Rd2 34.
Rd5 Rxd5 35.Bxd5 Kf8 36.a5 Rc1 37.Rxc1 Bxc1 38.Kg1 Bd2 39.a6 Be3+ 40.Kf1 
Ke7 41.Ke2 Bg1 42.Kd3 f6 43.Ke4 Kd6 44.Bb3 Ba7 45.Kf5 Ke7 46.Bc4 1/2-1/2

[Event "18th EUR-ch (w)"]
[Site "Riga LAT"]
[Date "2017.04.17"]
[Round "7.7"]
[White "Zimina, Olga"]
[Black "Hoang Thanh Trang"]
[Result "1/2-1/2"]
[WhiteElo "2395"]
[BlackElo "2459"]
[EventDate "2017.04.11"]
[PlyCount "58"]

1.Nf3 f5 2.c4 Nf6 3.g3 g6 4.Bg2 Bg7 5.d4 O-O 6.O-O d6 7.Nc3 c6 8.Rb1 a5 9.
d5 e5 10.dxe6 Bxe6 11.b3 Na6 12.Bb2 Qe7 13.Nd4 Bf7 14.e3 Nc5 15.Qc2 Rfe8 
16.a3 Ng4 17.Rbd1 Ne5 18.Rfe1 a4 19.b4 Ncd7 20.b5 Nxc4 21.bxc6 bxc6 22.
Nxc6 Qf8 23.Ba1 Ndb6 24.Nb5 Bxa1 25.Rxa1 Rac8 26.Nba7 Rc7 27.Nb5 Rcc8 28.
Nba7 Rc7 29.Nb5 Rcc8 1/2-1/2

[Event "18th EUR-ch (w)"]
[Site "Riga LAT"]
[Date "2017.04.17"]
[Round "7.10"]
[White "Cramling, Pia"]
[Black "Fatalieva, Ulviyya"]
[Result "1/2-1/2"]
[WhiteElo "2452"]
[BlackElo "2287"]
[EventDate "2017.04.11"]
[PlyCount "116"]

1.Nf3 e6 2.c4 Nf6 3.g3 b6 4.Bg2 Bb7 5.O-O g6 6.d4 Bg7 7.Nc3 Ne4 8.Nxe4 
Bxe4 9.Bg5 Qc8 10.Qd2 h6 11.Be3 d6 12.Rac1 c5 13.d5 exd5 14.cxd5 Qd8 15.
Rc4 Bxf3 16.exf3 Nd7 17.Re1 Kf8 18.f4 b5 19.Rc2 Kg8 20.f5 g5 21.b3 Bf6 22.
a4 a6 23.Qe2 Rb8 24.Ra2 Kg7 25.axb5 axb5 26.Ra7 Re8 27.Bf1 Ne5 28.Kg2 Qc8 
29.f4 gxf4 30.gxf4 Nd7 31.Kh1 Kh7 32.Qh5 Re7 33.Bd4 Qe8 34.Rxe7 Bxe7 35.
Rxd7 cxd4 36.f6 Bxf6 37.Qxf7+ Qxf7 38.Rxf7+ Kg6 39.Rd7 Kf5 40.Rxd6 Rf8 41.
Bxb5 Ke4 42.Re6+ Kxd5 43.Bc4+ Kc5 44.Kg2 Bd8 45.Re5+ Kb4 46.f5 Kc3 47.Rd5 
Bf6 48.Kf3 h5 49.h3 Re8 50.Rd6 Re3+ 51.Kg2 Be5 52.Rd5 Bf6 53.Rd6 Be5 54.
Rd5 h4 55.Kf2 Bg3+ 56.Kg2 Be5 57.Kf2 Bg3+ 58.Kg2 Be5 1/2-1/2

[Event "18th EUR-ch (w)"]
[Site "Riga LAT"]
[Date "2017.04.17"]
[Round "7.11"]
[White "Zawadzka, Jolanta"]
[Black "Ivanenko, Olga"]
[Result "1-0"]
[WhiteElo "2449"]
[BlackElo "2252"]
[EventDate "2017.04.11"]
[PlyCount "135"]

1.e4 c5 2.Nf3 d6 3.d4 cxd4 4.Nxd4 Nf6 5.f3 e5 6.Nb3 Be6 7.c4 Nc6 8.Be3 Be7
9.Nc3 O-O 10.Be2 a6 11.O-O Rc8 12.Qd2 Nd7 13.Nd5 Nc5 14.Rfd1 Bxd5 15.Qxd5 
Ne6 16.Bf1 Qc7 17.Qd2 Rfd8 18.Kh1 b6 19.Rac1 h6 20.g3 Bg5 21.f4 Bf6 22.Bh3
Rb8 23.Qf2 Nc5 24.Bg2 exf4 25.Bxf4 Be5 26.Rd2 Re8 27.Rcd1 Rbd8 28.Nc1 Qe7 
29.Re2 a5 30.b3 Qf6 31.Be3 Qxf2 32.Bxf2 Re7 33.Bf3 Rde8 34.Kg2 g6 35.h4 h5
36.Be3 Kg7 37.Rf2 Rd8 38.Ne2 a4 39.Nf4 Bxf4 40.Bxf4 Ne5 41.Rd5 axb3 42.
axb3 f6 43.Bxe5 Rxe5 44.b4 Na6 45.Rb2 Re7 46.Rd1 Rc7 47.Be2 Nb8 48.Rbd2 
Nc6 49.Rxd6 Rxd6 50.Rxd6 Nxb4 51.Rxb6 Nc2 52.Kf2 Nd4 53.Bd3 Nc6 54.Ke3 Ne5
55.Rb4 Kf7 56.Be2 Ke6 57.Rb6+ Rc6 58.c5 Rxb6 59.cxb6 Nd7 60.b7 Ke5 61.Bb5 
Nb8 62.Be8 g5 63.hxg5 fxg5 64.Bxh5 Kd6 65.Kf3 Kc7 66.Kg4 Kxb7 67.Kxg5 Kc6 
68.Be8+ 1-0

[Event "18th EUR-ch (w)"]
[Site "Riga LAT"]
[Date "2017.04.17"]
[Round "7.12"]
[White "Arakhamia-Grant, Ketevan"]
[Black "Galliamova, Alisa"]
[Result "1/2-1/2"]
[WhiteElo "2374"]
[BlackElo "2444"]
[EventDate "2017.04.11"]
[PlyCount "132"]

1.e4 e5 2.Nf3 Nc6 3.Nc3 Nf6 4.Bb5 Bd6 5.a3 O-O 6.d3 Re8 7.O-O h6 8.h3 Bf8 
9.Re1 d6 10.Nd5 Bd7 11.Ne3 Ne7 12.Bc4 c6 13.Bb3 Ng6 14.Nh2 Be6 15.Bxe6 
Rxe6 16.Nf5 d5 17.Qf3 Qa5 18.c3 Rd8 19.Ng4 Nxg4 20.hxg4 f6 21.g3 Nh8 22.
Kg2 Qb5 23.a4 Qb3 24.Rh1 Nf7 25.Qe2 Qb6 26.Qc2 a5 27.Be3 Qa6 28.Rad1 Ree8 
29.Qb3 Rd7 30.Bb6 Kh7 31.Ne3 Re6 32.Nf5 c5 33.Bxc5 Bxc5 34.exd5 Re8 35.Qc2
Kg8 36.c4 Bf8 37.Qe2 Qb6 38.Rb1 Qb3 39.Ra1 Nd6 40.Ne3 e4 41.d4 Nxc4 42.
Qxc4 Qxc4 43.Nxc4 Rxd5 44.Rhd1 Red8 45.Rac1 Bb4 46.Ne3 Rxd4 47.Rxd4 Rxd4 
48.Rc8+ Bf8 49.Nc4 e3 50.fxe3 Rxg4 51.b3 h5 52.Kf3 Kf7 53.Rc7+ Kg6 54.Rxb7
Rg5 55.e4 Bb4 56.Ne3 Rc5 57.Nf5 Rc3+ 58.Kg2 Bf8 59.Rb5 Kf7 60.Rxa5 Rxb3 
61.Ra7+ Kg8 62.Ra8 Rb2+ 63.Kf3 Rb3+ 64.Kg2 Rb2+ 65.Kf3 Rb3+ 66.Kg2 Rb2+ 
1/2-1/2

[Event "18th EUR-ch (w)"]
[Site "Riga LAT"]
[Date "2017.04.17"]
[Round "7.14"]
[White "Arabidze, Meri"]
[Black "Gaponenko, Inna"]
[Result "1/2-1/2"]
[WhiteElo "2373"]
[BlackElo "2416"]
[EventDate "2017.04.11"]
[PlyCount "80"]

1.d4 Nf6 2.Nf3 e6 3.Bf4 c5 4.e3 Nc6 5.c3 Be7 6.h3 b6 7.Nbd2 Bb7 8.Bd3 O-O 
9.Qe2 cxd4 10.exd4 a6 11.O-O d6 12.Bh2 b5 13.a3 Re8 14.Ng5 h6 15.Nge4 e5 
16.dxe5 Nxe5 17.Nxf6+ Bxf6 18.Ne4 Nxd3 19.Nxf6+ Qxf6 20.Qxd3 Re6 21.Rae1 
Rae8 22.Rxe6 Rxe6 23.Bg3 h5 24.h4 g5 25.Qd4 Qxd4 26.cxd4 gxh4 27.Bxh4 Re4 
28.Bf6 Rf4 29.Be7 Rxd4 30.f3 Kh7 31.Rf2 Kg6 32.Kf1 f6 33.Ke1 Kf7 34.Bd8 
Bd5 35.Rd2 Rxd2 36.Kxd2 Bc4 37.Ke3 Ke6 38.g3 Bb3 39.Ba5 Kf5 40.Bc3 Ke6 
1/2-1/2

[Event "18th EUR-ch (w)"]
[Site "Riga LAT"]
[Date "2017.04.17"]
[Round "7.16"]
[White "Nechaeva, Marina"]
[Black "Gara, Anita"]
[Result "1-0"]
[WhiteElo "2395"]
[BlackElo "2354"]
[EventDate "2017.04.11"]
[PlyCount "117"]

1.d4 d6 2.Nf3 Nf6 3.c4 g6 4.g3 Bg7 5.Bg2 O-O 6.O-O Nc6 7.Nc3 e5 8.d5 Nb8 
9.e4 a5 10.Ne1 Na6 11.Nd3 Nd7 12.Be3 Ndc5 13.Nxc5 Nxc5 14.Qd2 b6 15.b3 Bd7
16.Rab1 f5 17.f3 Qf6 18.Ne2 Qe7 19.Rfe1 Rf7 20.Nc1 f4 21.Bf2 h5 22.a3 Bh6 
23.Qc3 Bg5 24.b4 axb4 25.axb4 Na4 26.Qc2 fxg3 27.hxg3 Rh7 28.Ra1 b5 29.
cxb5 Bxb5 30.Ne2 h4 31.Nc3 Bd7 32.Nxa4 h3 33.Bf1 Qf8 34.Be2 Rf7 35.Nb2 
Rxa1 36.Rxa1 Rxf3 37.Ra8 Qxa8 38.Bxf3 Qa1+ 39.Nd1 Ba4 40.Qb2 Qxb2 41.Nxb2 
Bb5 42.Be1 Bc1 43.Nd1 g5 44.Kh2 Bd7 45.Nf2 Kf7 46.Bg4 Bb5 47.Nxh3 c6 48.
Nf2 cxd5 49.exd5 Ke7 50.Ne4 Bd3 51.Bf5 Bc4 52.Be6 Bd3 53.Bd2 Bxd2 54.Nxd2 
Kf6 55.Kg2 e4 56.Kf2 Ke5 57.Ke3 g4 58.Bxg4 Kxd5 59.Bf5 1-0

[Event "18th EUR-ch (w)"]
[Site "Riga LAT"]
[Date "2017.04.17"]
[Round "7.19"]
[White "Brunello, Marina"]
[Black "Bodnaruk, Anastasia"]
[Result "1/2-1/2"]
[WhiteElo "2354"]
[BlackElo "2446"]
[EventDate "2017.04.11"]
[PlyCount "89"]

1.e4 d6 2.d4 g6 3.Nc3 Bg7 4.Be3 Nf6 5.Qd2 O-O 6.f3 c6 7.Bh6 e5 8.Nge2 Nxe4
9.Nxe4 Qh4+ 10.g3 Qxh6 11.Qxh6 Bxh6 12.Nxd6 exd4 13.Nxc8 Rxc8 14.Nxd4 Re8+
15.Be2 Na6 16.c3 Nc5 17.f4 Ne4 18.Rg1 c5 19.Nb3 g5 20.Bb5 Red8 21.Rd1 gxf4
22.gxf4+ Kf8 23.Rxd8+ Rxd8 24.Rg4 f5 25.Rh4 Kg7 26.Na5 Nd6 27.Bd3 Kg6 28.
Ke2 Re8+ 29.Kf2 Re7 30.a4 Re8 31.h3 Ne4+ 32.Kf3 Bf8 33.Rg4+ Kf7 34.Rg2 Nd6
35.Nc4 Nxc4 36.Bxc4+ Kf6 37.Rg5 Rd8 38.Rg8 Be7 39.Rg2 Rd6 40.Re2 Bd8 41.
Re5 b6 42.Bd5 h5 43.c4 h4 44.Re8 a6 45.Rf8+ 1/2-1/2

[Event "18th EUR-ch (w)"]
[Site "Riga LAT"]
[Date "2017.04.17"]
[Round "7.20"]
[White "Warakomska, Anna"]
[Black "Mkrtchian, Lilit"]
[Result "1/2-1/2"]
[WhiteElo "2343"]
[BlackElo "2425"]
[EventDate "2017.04.11"]
[PlyCount "64"]

1.e4 c5 2.Nf3 e6 3.d4 cxd4 4.Nxd4 a6 5.Nc3 Qc7 6.Bd3 Nf6 7.O-O d6 8.Kh1 
Nbd7 9.Qe2 b5 10.f4 Bb7 11.Bd2 Be7 12.b4 O-O 13.a4 bxa4 14.Rxa4 Nb6 15.
Raa1 Qc8 16.e5 Nfd7 17.exd6 Bf6 18.Qf2 Nc4 19.Ne4 Bxe4 20.Bxe4 Rb8 21.c3 
Nxd6 22.Bd3 Nc4 23.Qe2 Nxd2 24.Qxd2 Rb6 25.Ne2 g6 26.Ra5 Rd6 27.Qc2 Rd8 
28.Rf3 Nb8 29.Rc5 Qd7 30.Nc1 Be7 31.Ra5 Rc6 32.Qb3 Rb6 1/2-1/2

[Event "18th EUR-ch (w)"]
[Site "Riga LAT"]
[Date "2017.04.17"]
[Round "7.21"]
[White "Skripchenko, Almira"]
[Black "Cosma, Elena-Luminita"]
[Result "1/2-1/2"]
[WhiteElo "2420"]
[BlackElo "2316"]
[EventDate "2017.04.11"]
[PlyCount "46"]

1.e4 e6 2.d4 d5 3.Nd2 c5 4.exd5 exd5 5.Ngf3 Nc6 6.Bb5 cxd4 7.O-O Bd6 8.Nb3
Ne7 9.Nbxd4 O-O 10.Bd3 Nxd4 11.Nxd4 Nc6 12.Be3 Ne5 13.h3 a6 14.c3 Nxd3 15.
Qxd3 Qf6 16.Rfd1 Bc7 17.Nf3 Be6 18.Bd4 Qg6 19.Qxg6 hxg6 20.Be5 Bb6 21.Bd4 
Bc7 22.Be5 Bb6 23.Bd4 Bc7 1/2-1/2

[Event "18th EUR-ch (w)"]
[Site "Riga LAT"]
[Date "2017.04.17"]
[Round "7.23"]
[White "Malakhova, Elizaveta"]
[Black "Melia, Salome"]
[Result "1/2-1/2"]
[WhiteElo "2324"]
[BlackElo "2400"]
[EventDate "2017.04.11"]
[PlyCount "61"]

1.f4 Nf6 2.Nf3 g6 3.d3 d5 4.e3 Bg7 5.Be2 O-O 6.O-O c5 7.Qe1 Nc6 8.a4 Qc7 
9.Qh4 a6 10.Nc3 Nb4 11.Bd1 Bg4 12.e4 dxe4 13.dxe4 Bxf3 14.Rxf3 Rfd8 15.Be3
h5 16.h3 Qc6 17.f5 Qd6 18.g4 hxg4 19.hxg4 Nd7 20.Rh3 Nf8 21.Ne2 Qe5 22.c3 
Nd3 23.Bc2 Qxe4 24.Rf1 c4 25.Bd4 Rxd4 26.Nxd4 Bxd4+ 27.cxd4 Qxd4+ 28.Kh1 
Qe4+ 29.Kg1 Qd4+ 30.Kh1 Qe4+ 31.Kg1 1/2-1/2

[Event "18th EUR-ch (w)"]
[Site "Riga LAT"]
[Date "2017.04.17"]
[Round "7.25"]
[White "Tsolakidou, Stavroula"]
[Black "Galoian, Lilit"]
[Result "1-0"]
[WhiteElo "2395"]
[BlackElo "2290"]
[EventDate "2017.04.11"]
[PlyCount "141"]

1.d4 Nf6 2.c4 e6 3.g3 d5 4.Bg2 dxc4 5.Nf3 Nc6 6.Qa4 Bb4+ 7.Bd2 Nd5 8.Qb5 
Bxd2+ 9.Nbxd2 c3 10.bxc3 Nxc3 11.Qd3 Nd5 12.O-O O-O 13.Rac1 Qe7 14.Rfd1 
Rd8 15.e4 Nb6 16.Nb3 Rb8 17.Qb1 Bd7 18.Nfd2 Be8 19.Nf1 f6 20.Ne3 Bg6 21.
Qb2 Kh8 22.d5 exd5 23.exd5 Ne5 24.Qc3 c6 25.f4 Nd3 26.Rxd3 Bxd3 27.Qxd3 
Nxd5 28.Nxd5 cxd5 29.Nd4 Rbc8 30.Rd1 Qc5 31.Bh3 Rc7 32.Kh1 Qc4 33.Qd2 Qa4 
34.Bf5 Re8 35.Kg2 g6 36.Bg4 Qc4 37.Bf3 Qc3 38.Qf2 Qe3 39.Qb2 Qc3 40.Qb1 
Rce7 41.Qb5 Rc8 42.f5 Rc5 43.Qb1 Rc4 44.Qd3 Qxd3 45.Rxd3 Re5 46.g4 h5 47.
h3 hxg4 48.hxg4 gxf5 49.Nxf5 Rc5 50.Kg3 b6 51.Ne3 Ra5 52.a3 d4 53.Nf5 Kg8 
54.Nxd4 Rac5 55.Nf5 Kf8 56.Rd8+ Re8 57.Rd7 Ra5 58.Bd5 Rxa3+ 59.Kh4 Re5 60.
Rd8+ Re8 61.Rd6 Re5 62.Rxf6+ Ke8 63.Bc6+ Kd8 64.Rf7 Rd3 65.Rxa7 b5 66.Rb7 
Re6 67.Bxb5 Rd1 68.Kg5 Re4 69.Bc6 Rc4 70.Bf3 Rc3 71.Bxd1 1-0

[Event "18th EUR-ch (w)"]
[Site "Riga LAT"]
[Date "2017.04.17"]
[Round "7.26"]
[White "Khomeriki, Nino"]
[Black "Bulmaga, Irina"]
[Result "0-1"]
[WhiteElo "2308"]
[BlackElo "2394"]
[EventDate "2017.04.11"]
[PlyCount "98"]

1.Nf3 Nf6 2.g3 b6 3.Bg2 Bb7 4.c4 e6 5.O-O Be7 6.Nc3 O-O 7.d4 Ne4 8.Qc2 
Nxc3 9.Qxc3 Be4 10.c5 Nc6 11.Bd2 f5 12.e3 bxc5 13.dxc5 Bf6 14.Qa3 a5 15.
Rfd1 Qe7 16.Bc3 e5 17.Ne1 Bxg2 18.Nxg2 Nd8 19.Qb3+ Nf7 20.Qb7 Rfc8 21.Rd5 
Rab8 22.Qa7 Qe6 23.Rad1 Ng5 24.Ne1 Qc6 25.Qxa5 Rb5 26.Qa4 Nh3+ 27.Kf1 Nxf2
28.Qxb5 Qxb5+ 29.Kxf2 c6 30.Rxd7 Qxc5 31.Nd3 Qb5 32.b3 Re8 33.Rd2 h5 34.
Nb2 Qc5 35.Na4 Qf8 36.Kg2 f4 37.e4 Bg5 38.R2d3 Qa3 39.gxf4 Bxf4 40.Bb2 
Qxa2 41.Rb7 Qb1 42.Rdd7 Qxe4+ 43.Kf1 Bh6 44.Ba3 Qh1+ 45.Ke2 e4 46.Nb2 Qf3+
47.Ke1 e3 48.Nd3 Qh1+ 49.Ke2 Qg2+ 0-1

[Event "18th EUR-ch (w)"]
[Site "Riga LAT"]
[Date "2017.04.17"]
[Round "7.28"]
[White "Ambartsumova, Karina"]
[Black "Ziaziulkina, Nastassia"]
[Result "1/2-1/2"]
[WhiteElo "2282"]
[BlackElo "2387"]
[EventDate "2017.04.11"]
[PlyCount "25"]

1.e4 e5 2.Nf3 Nf6 3.Nc3 Nc6 4.d4 exd4 5.Nxd4 Bb4 6.Nxc6 bxc6 7.Bd3 d5 8.
exd5 cxd5 9.O-O O-O 10.h3 c6 11.Qf3 Re8 12.Bf4 Bd6 13.Rfe1 1/2-1/2

[Event "18th EUR-ch (w)"]
[Site "Riga LAT"]
[Date "2017.04.17"]
[Round "7.29"]
[White "Abdulla, Khayala"]
[Black "Ovod, Evgenia"]
[Result "1/2-1/2"]
[WhiteElo "2241"]
[BlackElo "2382"]
[EventDate "2017.04.11"]
[PlyCount "88"]

1.e4 e5 2.Nf3 Nc6 3.d4 exd4 4.Nxd4 Bb4+ 5.c3 Bc5 6.Be3 Bb6 7.Nf5 Bxe3 8.
Nxe3 Nf6 9.f3 O-O 10.c4 d6 11.Nc3 Be6 12.Bd3 Nd7 13.O-O Nc5 14.f4 f6 15.
Rf3 Qd7 16.Rg3 Kh8 17.Ncd5 Rae8 18.b4 Nxd3 19.Qxd3 Bxd5 20.Nxd5 f5 21.exf5
Rxf5 22.Rh3 h6 23.b5 Ne7 24.Re3 Rff8 25.Nxe7 Rxe7 26.Rf1 Rxe3 27.Qxe3 b6 
28.Qd4 Qf5 29.Qe3 Qf7 30.Qd3 Re8 31.f5 Re5 32.a4 Rc5 33.Rf4 g5 34.Rf1 Qxc4
35.Qe3 Re5 36.Qh3 Kh7 37.f6 Qf7 38.Qd3+ Kg8 39.Qh3 h5 40.Qc8+ Kh7 41.Qh3 
Kh6 42.Qd3 Rc5 43.Qe4 Re5 44.Qd3 Rc5 1/2-1/2